| 000 | 00403nam a2200169Ia 4500 | ||
|---|---|---|---|
| 008 | 221030s9999 xx 000 0 und d | ||
| 020 | _a0070583692 | ||
| 041 | _aEnglish | ||
| 082 |
_a105.23 _bRaj |
||
| 100 | _aV. Rajendran | ||
| 245 | 0 |
_aMaterials Science _cby V. Rajendran, A. Marikani |
|
| 260 |
_bTMH _aNew Delhi _c2005 |
||
| 300 | _a24.10 | ||
| 650 | _aEE | ||
| 700 | _aA. Marikani | ||
| 942 | _cBK | ||
| 999 |
_c3903 _d3903 |
||